[Event "Smith & Williamson YM-B 8th"]
[Site "Witley"]
[Date "1998.07.24"]
[Round "9"]
[White "Edmans, Alex"]
[Black "Jones, Stephen"]
[Result "1/2-1/2"]
[WhiteElo "1808"]
[BlackElo "2040"]
[PlyCount "48"]
[EventDate "1998.07.20"]
[EventType "swiss"]
[EventRounds "11"]
[EventCountry "ENG"]
[SourceTitle "EXT 1999"]
[Source "ChessBase"]
[SourceDate "1998.11.16"]
[SourceVersion "1"]
[SourceVersionDate "1998.11.16"]
[SourceQuality "1"]

1. d4 Nf6 2. Bg5 Ne4 3. Bf4 c5 4. f3 Nf6 5. dxc5 Na6 6. Nc3 Nxc5 7. e4 d6 8. Bc4 g6 9. Nge2 Bg7 10. Qd2 a6 11. e5 dxe5 12. Qxd8+ Kxd8 13. Bxe5 e6 14. 0-0-0+ Ncd7 15. a4 Ne8 16. Bxg7 Nxg7 17. Ne4 Ke7 18. Rd2 b5 19. Bb3 Rd8 20. Rhd1 Nf5 21. Nd4 Nxd4 22. Rxd4 Bb7 23. Ng5 Bc6 24. Ne4 Rab8 1/2-1/2

[Event "Smith & Williamson YM-B 8th"]
[Site "Witley"]
[Date "1998.07.21"]
[Round "4"]
[White "Longson, Alexander"]
[Black "Edmans, Alex"]
[Result "1/2-1/2"]
[WhiteElo "2135"]
[BlackElo "1808"]
[PlyCount "37"]
[EventDate "1998.07.20"]
[EventType "swiss"]
[EventRounds "11"]
[EventCountry "ENG"]
[SourceTitle "EXT 1999"]
[Source "ChessBase"]
[SourceDate "1998.11.16"]
[SourceVersion "1"]
[SourceVersionDate "1998.11.16"]
[SourceQuality "1"]

1. e4 c5 2. Nf3 Nc6 3. d4 cxd4 4. Nxd4 g6 5. c4 Bg7 6. Be3 Nf6 7. Nc3 Ng4 8. Qxg4 Nxd4 9. Qd1 Ne6 10. Qd2 b6 11. Be2 Bb7 12. 0-0 0-0 13. f3 Be5 14. Rfd1 Qb8 15. h3 Bc6 16. Nd5 Bxd5 17. cxd5 Nf4 18. Rf1 Nxe2+ 19. Qxe2 1/2-1/2